|
|
|
|
| LEADER |
00991nam a2200253 a 4500 |
| 001 |
00025534 |
| 008 |
120708s2006 enk 000 0 eng d |
| 020 |
|
|
|a 9780415315050 (set)
|
| 020 |
|
|
|a 9780415315104 (vol. 5)
|
| 040 |
|
|
|a BD-DhAAL
|c BD-DhAAL
|
| 082 |
0 |
0 |
|a 427
|2 22
|
| 245 |
0 |
0 |
|a World Englishes :
|b critical concepts in linguistics,
|n Volume V /
|c Edited by Kingsley Bolton and Braj B. Kachru
|
| 260 |
|
|
|a London ;
|a New York :
|b Routlegde,
|c 2006.
|
| 300 |
|
|
|a xii, 467 p. :
|c 24 cm.
|
| 362 |
0 |
|
|a Vol. V
|
| 504 |
|
|
|a Includes bibliographical references.
|
| 541 |
|
|
|a 00025534
|
| 650 |
|
0 |
|a English language
|x Variation.
|
| 650 |
|
0 |
|a English language
|x Variation
|z Foreign countries.
|
| 700 |
1 |
|
|a Bolton, Kingsley
|
| 700 |
1 |
|
|a Kachru, Braj B.
|
| 852 |
1 |
|
|a Ayesha Abed Library
|j General shelf
|
| 999 |
|
|
|c 12521
|d 12521
|
| 952 |
|
|
|0 0
|1 0
|4 0
|6 427_WOR
|7 0
|9 20679
|a BRACUL
|b BRACUL
|c GEN
|d 2012-07-08
|e Karim International
|g 21316.66
|l 1
|m 15
|o 427 WOR
|p 3010025534
|r 2014-01-11
|s 2013-07-11
|t 1
|w 2012-07-08
|y BK
|